000 01084nam a22002057a 4500
003 JO-AjAnu
005 20250323101322.0
008 250316b jo ||||| |||| 00| 0 ara d
040 _aJO-AjAnu
_bara
_cJO-AjAnu
_dJO-AjAnu
_erda
041 _aara
_hara
050 _aKMM388.3
_b2025
100 1 _aالشويات، آية علي محمد
_eمعد
_966520
245 0 _aضمانات محاكمة الأحداث وفق القانون الأردني = Guarantees for the trial of juveniles in accordance with jordanian law /
_cاعداد آية علي محمد الشويات ؛ اشراف طلال ياسين العيسى
260 _c2025
300 _a100 ورقة
504 _aرسالة جامعية ( رسالة ماجستير القانون) - جامعة عجلون الوطنية، (عجلون، الاردن) - كلية الحقوق، قسم القانون، 2025.
650 0 _aالجريمة والمجرمون- الاحداث - قوانين وتشريعات - الاردن.
_966523
700 1 _aالعيسى، طلال ياسين
_964930
_eمشرف
942 _2lcc
_cTHS
_n0
999 _c33904
_d33904